000 00484nam a2200181Ia 4500
005 20250508160351.0
008 008 250505s9999 xx 000 0 eng d
037 _aTextual
040 _aFEDL
_beng
_cFEDL
041 _aeng
_2eng
084 _aB, CHO
_qFEDL
100 _aChopra Pran
245 0 _aSage in revolt: A remembrance
260 _aNew Delhi, India
_bGandhi Peace Foundation
_c1972
300 _a282p.
942 _cTEXL
_hB, CHO
999 _c1364120
_d1364120